Enseñanza y sociedad: El conocimiento sociológico de la educación

Guardado en:
Detalles Bibliográficos
Autor principal: Guerrero Serón, Antonio (Autor)
Formato: Libro
Lenguaje:español
Publicado: Madrid Siglo Veintiuno de España 2003
Materias:
Etiquetas: Agregar Etiqueta
Sin Etiquetas, Sea el primero en etiquetar este registro!

MARC

LEADER 00000nam a2200000 a 4500
001 UCH2626
003 CL-VaPUC
008 090618e20030100SP |||||||||||||||||spa|d
020 |a 8432311146 
082 0 4 |a 306.43  |b GUE  |2 21 
100 |a Guerrero Serón, Antonio  |e author  |9 571085 
245 1 0 |a Enseñanza y sociedad: El conocimiento sociológico de la educación 
300 |a 320 p 
942 |c BK 
945 |d 20090618 00:00:00  |a dcastane 
260 |a Madrid  |b Siglo Veintiuno de España  |c 2003 
650 0 |a Sociología de la educación   |9 260380 
650 0 |a Sociedad contemporánea  |9 337179 
650 7 |a BIENESTAR EDUCACIONAL  |2 CL-VaPUC  |9 351449 
583 |a last modification  |c 20131007 06:42:58  |k Rodrigo Vera 
999 |c 334349  |d 334347 
952 |0 0  |1 0  |4 0  |6 306_430000000000000_GUE_2003  |7 0  |8 A  |9 423324  |a BIBEDU  |b BIBEDU  |d 2019-11-22  |i 4562968  |o 306.43 GUE 2003  |p 4562968  |r 2019-11-22  |w 2019-11-22  |y BK  |k PSI 
952 |0 0  |1 0  |4 0  |6 306_430000000000000_GUE_2003  |7 0  |8 A  |9 423325  |a BIBEDU  |b BIBEDU  |d 2019-11-22  |i 458970K  |o 306.43 GUE 2003  |p 458970K  |r 2019-11-22  |w 2019-11-22  |y BK  |k PSI